Bullseye Blitz: Harry Potter! Quiz Stats

 Plays Quiz Updated Nov 25, 2018

     
Support Sporcle.
Go Orange.
Score 0/48 Timer 04:00
3 Plays Today
% Correct
Wizard's Chess
93.5%
Winged Keys
90%
Hufflepuff's Cup
89.1%
Slytherin's Locket
88.6%
Golden Snitch
88%
Devil's Snare
87.2%
Marvolo Gaunt's Ring
86.8%
Fluffy
85.1%
Tom Riddle's Diary
84%
Herbology
83.9%
Chaser
83.3%
D.A.D.A
82.3%
Bludger
81.4%
Prongs
80.5%
Padfoot
79.8%
Expelliarmus (43)
78.6%
Wormtail
74%
Veela Hair
69.8%
Unicorn Tail Hair
69.7%
Beater
67.9%
Moony
67.7%
Mundungus Fletcher
67.4%
Seamus Finnigan
66.1%
Phoenix Tail Feather
65.1%
% Correct
The Imperius Curse (49)
65%
Charms
64.7%
Justin Finch-Fletchley
63.9%
Accio (52)
63%
Hungarian Horntail
62.2%
Nicholas de Mimsy-Porpington
61.9%
Magorian
59.8%
Firenze
59.8%
Colin Creevey
59.5%
Argus Filch
59.4%
Acceptable
50.4%
Poor
48.7%
Dragon Heartstring
48.6%
Chinese Fireball
47.8%
Dreadful
47.4%
Troll
45.8%
Bane
43.8%
Welsh Green
41.1%
Stupefy (68)
40%
Astronomy
38.9%
Cornelius Fudge
32.2%
Swedish Short-Snout
28.1%
Penelope Clearwater
26.1%
Ronan
25.3%

From the Vault

Compressed Songs

by rockgolf

Music 10m
Sometimes you just need a little more space on your iPod.
Remove Ads.
Support Sporcle.
Get the best of Sporcle when you Go Orange. This ad-free experience offers more features, more stats, and more fun while also helping to support Sporcle. Thank you for becoming a member.

Show Comments

Extras

Top Quizzes Today


Score Distribution

Your Account Isn't Verified!

In order to create a playlist on Sporcle, you need to verify the email address you used during registration. Go to your Sporcle Settings to finish the process.

Report this User

Report this user for behavior that violates our Community Guidelines.

Details: